| 000 | 01363cam a22004334i 4500 | ||
|---|---|---|---|
| 003 | PE-LiUPU | ||
| 005 | 20250731172928.0 | ||
| 008 | s1965 miu r0 001 0 spa d | ||
| 035 | _a(Sirsi) a204069 | ||
| 040 |
_aPE-LiUPU _bspa _cPE-LiUPU _erda |
||
| 049 | _aPRUA | ||
| 082 | 0 | 4 |
_a229.22 _bT4 _220 |
| 245 | 0 | 4 |
_aThe Acts of the apostles : _b1-13 / _cTranslator John W. Fraser and W. J. G. McDonald. |
| 264 |
_aMichigan : _bEerdmans, _c1965. |
||
| 300 |
_a481 páginas ; _c19 centímetros. |
||
| 336 |
_text _2rdacontent |
||
| 337 |
_unmediated _2rdamedia |
||
| 338 |
_volume _2rdacarrier |
||
| 504 | _aIndice : páginas 455-481. | ||
| 500 | 0 | _achapter 1-13. | |
| 526 | _aSEG42 | ||
| 526 | _aSEG41 | ||
| 526 | _aSEG40 | ||
| 526 | _aSEG39 | ||
| 526 | _aP94 | ||
| 526 | _aP87 | ||
| 526 | _aP86 | ||
| 526 | _aP85 | ||
| 526 | _aP77 | ||
| 526 | _aP76 | ||
| 526 | _aP35 | ||
| 630 | 0 | 4 |
_aBiblia. _pN.T. _pHechos, 14-28 _vComentarios. |
| 700 | 1 |
_aTorrance, David W., _eeditor. |
|
| 700 | 1 |
_aTorrance, Thomas F., _eeditor. |
|
| 596 | _a1 | ||
| 942 |
_2ddc _cBOOK |
||
| 999 |
_a229.22 T4 _wLC _c20449 _i76008 _f2021-11-9 _g4 _lCCODEBUL1 _mBUL _p36.00 _r0 _sY _tBOOK _u2017-5-25 _xTEOLOGIA _PP85 _0COMPRA _o.STAFF. Colección Teología _d20449 |
||
| 980 |
_81 _gALBERTO SANCHEZ Responsable de Automatización |
||